[Event "Magistral de León"]
[Site "Leon"]
[Date "2017.07.08"]
[Round "2.1"]
[White "Santos Latasa, Jaime"]
[Black "Anand, Viswanathan"]
[Result "1-0"]
[WhiteElo "2542"]
[BlackElo "2783"]
[Annotator "Estremera,Sergio"]
[PlyCount "109"]
[EventDate "2017.07.08"]
[EventType "tourn"]
[EventRounds "4"]
[EventCountry "ESP"]
[SourceDate "2017.07.08"]

1. d4 Nf6 2. c4 e6 3. Nf3 d5 4. g3 {Santos plantea la sólida catalana} Bb4+
5. Bd2 Be7 (5... Bd6 {es una continuación popular en los Ã_|ltimos años})
6. Bg2 O-O 7. O-O Nbd7 8. Qc2 c6 9. Bf4 b6 10. Rd1 Bb7 11. Ne5 Nh5 $5 (11...
Nxe5 12. dxe5 Nd7 13. cxd5 cxd5 14. e4 {ofrece más posibilidades al blanco de
luchar por la iniciativa}) 12. Bc1 Nhf6 13. cxd5 cxd5 14. Nc6 Bxc6 15. Qxc6 Qc8
$1 16. Qxc8 (16. Qb5 Qb7 17. Nc3 a6 18. Qd3 b5 19. e4 dxe4 20. Nxe4 Nd5 {
iguala para las negras}) 16... Rfxc8 17. Nc3 a6 18. e4 dxe4 19. Nxe4 Nd5 20.
Bd2 (20. Nc3 N7f6 21. Bg5 Rab8 22. Nxd5 Nxd5 23. Bxd5 Bxg5 24. Bb3 Bf6 25. d5
exd5 26. Rxd5 Bxb2 27. Rad1 $11 Bf6 28. Rd7 Rd8) 20... N7f6 21. Nc3 Nxc3 $6 ({
parece mucho mejor} 21... Rc4 $1 22. Bg5 Nxc3 23. bxc3 Rd8) 22. bxc3 Nd5 23.
Rdb1 $1 Rab8 (23... b5 $6 24. a4 $1) 24. Rb3 {Podemos decir que a pesar de ser
unaposición que tiende a las tablas son las blancas las que puieden
intentar presionar gracias ala debilidad de b6 y la pareja de alfiles.} h6 25.
a4 Bg5 $5 {provocando f4 que sin embargo facilita la centralización del Rey
blanco que además gana espacio en el flanco de rey} 26. f4 Bf6 27. Kf1 $1 $14
{[%cal Yf1e2]} g6 (27... g5 28. f5 $1) 28. Ke1 (28. Ke2 {parece más natural,
pero Jaime quiere amenazar enseguida el peón de a6 para provocar un feo a5})
28... Bd8 $5 {previniendose contra la siguiente jugada blanca} 29. Bf1 Ra8 30.
Rab1 Ne7 $5 {buscando manoibrar hacia a5 y c4} 31. Bd3 Nc6 32. Ke2 ({Ganar
espacio inmediatamente con g4 es más preciso} 32. g4 $1) 32... h5 $1 (32...
Na5 33. Rb4 Nc6 34. Rc4 h5 35. Be4 Na5 36. Rxc8 Rxc8 37. Be1 Kf8 (37... Nc4 $2
38. Bb7) 38. Bd3 Nc4 39. Rb4 $16) 33. Be4 Ra7 34. Kd3 Na5 35. Rb4 Rd7 36. Be1
Kf8 37. Bf3 Nc6 $2 {Â?un error de cálculo?} ({mantenerse a la expectativa con
por ejemplo} 37... Kg7 {era más sensato}) 38. Rc4 $1 Rdc7 39. Rxb6 $1 {Anand
sin duda no ha valorado este sacrificio de calidad, ahora las blancas, con dos
peones y la pareja de alfiles por la calidad, tienen clara ventaja} Ne5+ 40.
fxe5 Rxc4 41. Rxa6 R4c7 42. a5 Ke8 43. Rd6 $1 (43. Rb6 Ra7 $1) 43... Ra7 44. a6
Bc7 45. Bc6+ $1 {este jaque acaba con la resistencia negra} Kf8 46. Rd7 Rb8 47.
d5 $1 Bb6 48. Rxa7 Bxa7 49. d6 Rb6 50. Bb7 Rb5 51. Bd2 $1 {rematando con
enrgía una magnífica partida posicional} Rxe5 52. Bh6+ Ke8 53. Bc6+ Kd8 54.
Bg7 (54. Bf8 $1) 54... Rf5 55. Bf8 $1 {¡Bravo, Jaime!} 1-0

[Event "Magistral de León"]
[Site "Leon"]
[Date "2017.07.08"]
[Round "3.1"]
[White "Anand, Viswanathan"]
[Black "Santos Latasa, Jaime"]
[Result "1-0"]
[WhiteElo "2783"]
[BlackElo "2542"]
[Annotator "Estremera,Sergio"]
[PlyCount "79"]
[EventDate "2017.07.08"]
[EventType "tourn"]
[EventRounds "4"]
[EventCountry "ESP"]
[SourceDate "2017.07.08"]

1. Nf3 Nf6 2. e3 c5 3. d4 cxd4 4. exd4 d5 5. Bf4 Nc6 6. c3 {hemos por
tranposición a una variante del cambio de la defensa Caro Kann} Bg4 7. Qb3
Na5 8. Qa4+ Bd7 9. Qc2 Nc6 10. Nbd2 Rc8 11. Qb3 (11. Bd3 $2 Nb4) 11... Na5 $6 {
esto no parece necesario} (11... Nh5 12. Be3 e6 13. Qxb7 Rb8 14. Qa6 Rxb2 {no
parece una opción razonable para las blancas}) 12. Qd1 Nc6 13. h3 $1 {
impidiendo un nuevo î Pg4 a la vez que habilitando una casilla para el î Pde f4
} g6 14. Bd3 Bg7 15. O-O O-O 16. Re1 $14 Qb6 17. Rb1 Rfe8 18. Ne5 Be6 {Anand
ha eludido en esta ocasión el duelo teórico y tras 16 jugadas parece
gozar de una ligera ventaja, en todo caso la posición negra es muy só
+lida y la partida no ha hecho más que empezar.} 19. a4 Red8 20. Nxc6 Qxc6 21.
a5 Qd7 22. Qb3 (22. a6 $5 {con idea de oponerse a î Pf5 con} b6 23. Qe2 $1 Bf5
24. Bb5 Qe6 25. Qf1 $18) 22... a6 23. Qb4 {Anand mantiene una molesta ventaja
posicional, el problema de las negras es que no hay maniobra simplificadora a
su disposición: mientras las blancas incrementan la presión gracias
fundamentalmente a la pasivo situación del alfil fianchetado de las negras}
Bf8 $1 {las negras necesitan que este alfil haga algo} 24. Nf3 Ra8 $1 {la
admiración es por la rapidez con que Santos ha asumido la necesidad de esta
jugada} 25. Rbc1 $5 {Anand evita con esta jugada el posible cambio del alfil
de las casillas blancas con un eventual î Pf5} (25. Ne5 Qc8) 25... Bf5 26. Ne5
Qc8 27. Bf1 $1 {todo cambio aliviaría a las negras} Be6 28. Qb3 Ne4 {[%cal
Ye4d6]} 29. c4 $1 {Antes de las negras jueguen î ..d6, el principal problema
de las negras es ahora la situación de su î B} dxc4 30. Bxc4 ({el módulo
sugiere jugar directamente} 30. Qf3 Nf6 31. Bxc4 Bxc4 32. Nxc4 $16) 30... Bxc4
31. Nxc4 (31. Rxc4 Qf5 32. Be3 Nd6 {aguanta}) 31... Qf5 32. Qf3 $1 Nd6 $2 ({la
Ã_|ltima posibilidad de defensa es} 32... Ng5 $3 {sugerida por el módulo.
Tras} 33. Bxg5 Qxg5 34. Qxb7 Qf4 35. Nb6 Rab8 36. Qxa6 Bg7 $1 {las negras
tienen algo de contrajuego}) 33. Re5 Qf6 34. Nb6 Rab8 35. Nd5 $1 {evidente y
ganadora} Qh4 (35... Qg7 36. Rxe7 $1 Bxe7 37. Nxe7+ Kf8 38. Be5 Qh6 39. Rc7 $18
) 36. g4 {[%cal Yf4g5]} Bh6 37. Rxe7 Bxf4 38. Qxf4 Qxh3 39. Rcc7 h5 40. Rxf7 {
Anand empata el encuentro en una partida en la que no ha permitido a santos
ningÃ_|n alarde teórico} 1-0

[Event "Magistral Ciudad  Leon XXX"]
[Site "Leon"]
[Date "2017.07.08"]
[Round "1.4"]
[White "Santos Latasa, Jaime"]
[Black "Viswanathan, Anand"]
[Result "1/2-1/2"]
[WhiteElo "2542"]
[BlackElo "2783"]
[Annotator "ChessBase"]
[PlyCount "91"]
[EventDate "2017.??.??"]
[EventCountry "ESP"]
[Source "ChessBase"]
[TimeControl "1200+10"]

1. e4 c6 2. d4 d5 3. exd5 cxd5 4. Bd3 Nc6 5. c3 Qc7 {en esta posición que
se parece a un Gambito de Dama del cambio con los colores cambiados, las
negras se oponen al desarrollo normal del alfil de casilla negras a f4, al
mismo tiempo estperan a que las blancas jueguen î ..f3 para responder con î Pg4
} 6. Ne2 $5 {jugando contra el desarrollo del alfil de casillas blancas del
negro} ({Anand se enfrento a esta variante en Linares 1994 nada menos que
contra el comentarista de esta edición, el GM Miguel Illescas} 6. Bg5 Nf6 7.
Nd2 Bg4 8. Ngf3 e6 9. Bh4 Bd6 10. Bg3 Bh5 11. Bxd6 Qxd6 12. O-O O-O 13. Re1
Rab8 14. a4 Qc7 15. Qb1 a6 16. Ne5 Rfe8 17. h3 Bg6 18. Bxg6 hxg6 19. Qd3 Nxe5
20. dxe5 Nd7 21. Qd4 Rec8 22. Re3 Qb6 23. Qxb6 Nxb6 24. h4 Kf8 25. g3 Ke7 26.
b3 Rc7 27. a5 Nd7 28. c4 Rbc8 29. Kg2 Nb8 30. Ra4 Rd8 31. f4 Nc6 32. Rd3 Rcd7
33. c5 f6 34. Nf3 d4 35. exf6+ gxf6 36. Nd2 e5 37. Ne4 Rd5 38. fxe5 Rxe5 39.
Nd6 Rxc5 40. Nxb7 Rc2+ {0-1 (40) Illescas Cordoba,M (2590)-Anand,V (2715)
Linares 1994}) 6... Bg4 7. O-O e6 8. Qe1 $5 {preparandose para pasar la î B al
flanco de rey} Bd6 (8... Bxe2 9. Qxe2 Nf6 10. Nd2 $14) 9. f3 Bh5 10. Qh4 Nf6
11. Nf4 ({parece muy fuerte la directa} 11. Bg5 $5 Bg6 12. Bxg6 fxg6 13. Bxf6
gxf6 14. Qxf6 $16) 11... Bxf4 $1 12. Bxf4 Qe7 13. Bg5 ({El dilema es si
conformarse o no con mantener una ventaja pequeña pero estable con} 13. Nd2
O-O 14. Rae1 Bg6 15. Bxg6 fxg6 (15... hxg6 16. Bg5 $16) 16. Re2) 13... Bg6 14.
Bxg6 fxg6 15. Nd2 h6 16. Rae1 O-O 17. Bxf6 Rxf6 18. Qg3 ({Con} 18. f4 {las
blancas no llegan a atar a las negas porque despuÃ s de} Raf8 19. g3 g5 $1 20.
fxg5 Rxf1+ 21. Nxf1 hxg5 22. Qg4 e5 {el contrajuego parece suficiente pata la
igualdad}) 18... a5 19. Nb3 {el î .. se dirige a e5 vía d3} a4 20. Nc5 b6 21.
Nd3 g5 22. a3 (22. Re2 $5 {[%cal Yf1e1]}) 22... Na5 23. Ne5 Rc8 24. Qf2 $5 {
iniciando un reagrupamiento muy fuerte} ({Otro orden para el mismo plan es} 24.
Ng4 $5 Rg6 25. Qf2 {[%cal Yf2c2]} Nc4 26. Qc2 Qe8 27. f4 $1 gxf4 28. Rxf4 {y
la torre de g6 está algo descolocada}) 24... Nc4 25. Nd3 Qc7 26. Qc2 Qc6 27.
Re2 Qd7 28. Rfe1 Re8 29. h3 Re7 30. Nf2 $5 Kh8 31. Ng4 Rf8 32. Ne5 {finalmente
Santos se decide por una posición con ventaja estable aunque dificil de
quebrar} Nxe5 33. Rxe5 Rf6 34. Qe2 Qc6 35. Qa6 Kg8 36. R1e3 Rd7 37. Qe2 Rd6 38.
Qf2 Qb5 39. Kh2 Kh8 40. Re2 Qe8 41. Qg3 Qd7 42. Qg4 Rf4 43. Qg3 Kg8 44. Qe1 Kf7
45. Qb1 Kg8 46. Qc2 {Tablas. el encuentro se decidirá en el desempate a
rápidas.} 1/2-1/2

[Event "Magistral de León"]
[Site "Leon"]
[Date "2017.07.09"]
[Round "1.1"]
[White "So, Wesley"]
[Black "Anand, Viswanathan"]
[Result "1/2-1/2"]
[WhiteElo "2010"]
[BlackElo "2783"]
[Annotator "Estremera,Sergio"]
[PlyCount "74"]
[EventDate "2017.07.09"]
[EventType "tourn"]
[EventRounds "4"]
[EventCountry "ESP"]
[SourceDate "2017.07.09"]

{Tras las emocionantes semifinales vividas en esta XXX edición del Torneo
Magistral Ciudad de León en las que se puede decir que los favoritos
sufrieron más de lo esperado para deshacerse de sus jóvenes rivales,
tenemos hoy por fin el encuentro esperado: El que lo hay sido todo Anand
Viswanathan ante el que quiere serlo, Wesley So.  Los números dicen que hoy
por hoy el favorito es So pero no hay que olvidar que Anand ha ganado 9 veces
en León, así que podríamos decir que el factor campo está, en esta
ocasión, a su favor....} 1. e4 e5 2. Nf3 Nc6 3. Bb5 {La apertura españ
-ola es casi una sorpresa en estos tiempos en que la italiana vive una
inesperada segunda juventud} Nf6 {La petrea defensa berlinesa es la principal
culpable de la vuelta a 3.î Pc4} 4. d3 (4. O-O Nxe4 5. d4 Nd6 6. Bxc6 dxc6 7.
dxe5 Nf5 8. Qxd8+ Kxd8 {conduciría al famoso Muro de Berlin}) 4... Bc5 5. c3
O-O 6. O-O Re8 7. Bg5 (7. Nbd2) 7... a6 8. Bc4 $5 {llegando finalmente a
posiciones de la Italiana} ({derroteros distintos siguió la siguiente
partida} 8. Ba4 h6 9. Bh4 b5 10. Bc2 g5 11. Bg3 d6 12. Nbd2 Bb6 13. a4 Rb8 14.
axb5 axb5 15. Kh1 Kg7 16. Re1 Nh7 17. Nf1 h5 {con complicada lucha: 0-1 (46)
Giri,A (2782)-Nakamura,H (2787) Paris 2016}) 8... Be7 {este ragrupamiento
junto con la jugada 11 de las negras es la rección típica cuando el
blanco saca su alfil a g5} 9. a4 d6 10. Nbd2 h6 11. Bh4 Nh5 $1 {las negras
cambian el mplesto alfil y llevan el caballo hacia f4} 12. Bxe7 Qxe7 13. Re1
Nf4 14. Nf1 Be6 {las negras parecen haber igualado sin demasiados problemas}
15. Bxe6 Qxe6 16. g3 Ng6 (16... Nh5 {para volver a f6 es la alternativa}) 17.
d4 exd4 ({No se ve cómo las blancas pueden conseguir algo tangible tras} 
17... d5 $5 18. exd5 (18. dxe5 dxe4 19. Rxe4 Ncxe5 $11) (18. Ne3 dxe4 19. d5
Qh3 20. dxc6 exf3 21. Qxf3 e4 $15) 18... Qxd5 19. dxe5 Qxd1 20. Raxd1 Ngxe5 $11
) 18. cxd4 (18. Nxd4 $5) 18... d5 19. e5 a5 (19... f6 $5 20. exf6 Qxf6 21. Qb3
Nge7 $11) 20. Rc1 Qd7 {las negras defienen c7 para poder llevar cuando sea
necesario el î ..c6 a d4. anand interpreta la posición de manera un tanto
estática la renuncia a la rupturacentral f6 deja a So la ventaja de espacio
en el flanco de rey} (20... f6 $5 21. Qb3 fxe5 $1 22. Qxb7 Nge7 23. Nxe5 (23.
Qxc7 $4 e4 24. N3d2 Rec8 25. Qb6 Rab8 26. Qa6 Rxb2 $19) 23... Nxd4 $13) 21. Ne3
Nf8 (21... Nb4 $5) 22. Qb3 $6 ({muy fuerte es} 22. Nh4 $1 Nb4 23. Nhf5 {
creando amenazas contra el enroque negro}) 22... Nb4 23. Nc2 Nxc2 24. Rxc2 Ne6
25. Rc3 Reb8 $1 {[%csl Ge6][%cal Yb7b5] Preparando b5. Las negras han
coordinado perfectamente sus piezas: obsÃ rvese el magnífico î .. de e6} ({
Otra opción es directamente} 25... b5 $5 26. Qxb5 (26. axb5 Reb8) 26... Qxb5
27. axb5 Reb8 28. Rb3 g5 $1) 26. Qb5 (26. Qc2 b5 27. axb5 Qxb5 {es bueno para
las negras}) 26... Qxb5 27. axb5 a4 28. Ra1 Ra5 29. b4 Ra7 $1 $15 {[%csl Ga4]
[%cal Yg7g5]} 30. Rca3 Rba8 {Tiempos:  So 2:49  Anand 8:14} 31. Rc1 (31. Kf1 g5
32. h3 h5 33. g4 Kg7 34. Ke2 Kg6 35. Ke3 hxg4 36. hxg4 Rh8 37. Rxa4 Rxa4 38.
Rxa4 Rh1 $1 39. Ra7 Rb1 $1 $15 {es una variante típica en la que el negro
incrementa al máximo la coordinación y la actividad del equipo î Rî ..})
31... g5 $1 32. h3 h5 33. g4 hxg4 ({mehjor mantener la tensión} 33... Kg7
34. Kf1 {aunque solo sea por mantener la posibilidad} h4 $5 {fijando una
debilidad en h3} (34... Rh8 $5)) 34. hxg4 Kg7 35. Kf1 Rh8 36. Ke2 Rh3 {[%cal
Ye6d4] amanaza tomar en d4} 37. Rca1 Ra8 ({las negras no perdían nada con
intentar} 37... Ra8 38. Rxa4 Nf4+ 39. Ke3 Ng2+ (39... Rah8 $5 {amenazando mate
con î Rh3}) 40. Ke2 Nf4+ $11) 1/2-1/2

[Event "Magistral de León"]
[Site "Leon"]
[Date "2017.07.09"]
[Round "2.1"]
[White "Anand, Viswanathan"]
[Black "So, Wesley"]
[Result "1/2-1/2"]
[WhiteElo "2783"]
[BlackElo "2010"]
[Annotator "Estremera,Sergio"]
[PlyCount "127"]
[EventDate "2017.07.09"]
[EventType "tourn"]
[EventRounds "4"]
[EventCountry "ESP"]
[SourceDate "2017.07.09"]

1. e4 e6 2. d4 d5 3. Nc3 Bb4 {El arriesgado sistema Winawer es un hiusped raro
entre la elite} ({Es más habitual el sistema clásíco} 3... Nf6) 4. e5 c5 5.
a3 Bxc3+ 6. bxc3 Ne7 7. Qg4 {La variante más directa que es además
considerada como la más fuerte} Kf8 $5 {una jugada que ha practicado el GM
españ-ol Paco Vallejo} (7... O-O) ({con} 7... cxd4 8. Qxg7 Rg8 9. Qxh7 Qc7
10. Ne2 {alcanzaríamos una de las posiciones más complicadas  de esta
defensa}) 8. Bd2 $5 (8. dxc5 Qc7 9. Nf3 Nd7 10. Be2 Nxe5 11. Nxe5 Qxe5 12. O-O
Qxc3 13. Rb1 Qxc2 14. Rb2 Qf5 15. Qg3 e5 16. Bd3 Qh5 17. Be2 Qf5 18. Bd3 Qh5
19. Be2 Qf5 {1/2-1/2 (19) Sadzikowski,D (2547)-Vallejo Pons,F (2710) Gallipoli
2017}) 8... b6 (8... Qc7 9. Bd3 b6 10. Nf3 Ba6 11. dxc5 Qxc5 12. O-O Bxd3 13.
cxd3 Nbc6 14. a4 h5 15. Qg5 Nf5 16. Rfb1 Kg8 17. Rb5 Qe7 18. Qf4 Qd7 19. Rab1
Rc8 20. h3 Rh6 21. a5 bxa5 22. Qa4 Rg6 23. Rxa5 Rc7 24. Rab5 Qc8 25. Bf4 Kh8
26. Kh2 Kg8 27. Kh1 Kh8 28. Rc5 Kg8 29. d4 Qd7 30. Qb5 Qc8 31. Ra1 Kh7 32. Ra6
Nce7 33. Ng5+ Rxg5 34. Bxg5 Rxc5 35. dxc5 Ng6 36. c6 Nxe5 37. Qb7 Nd6 38. Qxc8
Nxc8 39. Be3 Kg6 40. c7 {1-0 (40) Kamsky,G (2729)-Ivanchuk,V (2786) Dresden
2008}) 9. Nf3 Ba6 10. dxc5 Bxf1 11. Kxf1 bxc5 12. h4 {[%cal Yh1h3]} h5 {
necesaria para impedir h5} 13. Qf4 Ng6 14. Qe3 Nd7 15. Rh3 Rb8 16. c4 d4 17.
Qe4 Qc7 18. Re1 {defendiendo e5 ante la amenaza posicional de cambiar las
damas con î Bb7} Qb7 19. Qd3 {evidentemente las blancas desean conservar el
máximo material posible} Kg8 20. Rg3 Ne7 $1 {[%cal Ye7f5]} 21. Kg1 Nf5 22. Rg5
Nf8 23. Bf4 (23. Rxf5 exf5 24. Qxf5 Ne6 25. Qd3 {es muy interesante si las
blancas logran movilizar sus peones del flanco de rey obtendrán una gran
compensación por la calidad sacrificada}) 23... Ng6 24. Bg3 Re8 {una jugada
bastante misteriosa, las negras tienen dificultades para enciontrar un plan
para desembarazarse de la presión blanca. Estas dificultades son típicas
de las posiciones donde el rey estorba la coordinación de las propias piezas
} 25. Nd2 $1 {[%cal Yd2e4] en este momento anand tiene 12 minutos por solo 6
de su rival.} Qe7 (25... Nfxh4 26. Bxh4 Nxh4 27. Ne4 {[%csl Yh6][%cal Ye4c5,
Ye4f6]}) 26. Ne4 Rf8 $6 {está claro que las negras han perdido el hilo y
hacen jugadas solo con el objetivo de aguantar la posición} (26... Nfxh4 27.
Bxh4 Nxh4 28. Nf6+ (28. Rb1 $5 $36) 28... Kf8 29. Qg3 gxf6 (29... Nf5 30. Rxf5
exf5 31. Nxe8 Qxe8 32. e6 $16) 30. exf6 Qxf6 31. Qxh4 {es una variante del mÃ=/
+dulo muy dificil de valorar en la práctica}) 27. Rb1 $1 Rh6 28. Qf3 $6 {
atacando h5} ({pero es más precisa} 28. Qd1 $1 {[%csl Rh5][%cal Yg5h5]} Nfxh4
29. Bxh4 Nxh4 30. Rxh5 $16) 28... Nfxh4 {la diferencia es que ahora las negras
atacan la î B} 29. Bxh4 Nxh4 30. Qf6 {bonito pero no efectivo} Qxf6 (30... Rxf6
$2 31. Nxf6+ Kh8 32. Rxh5# {es mate!!}) 31. exf6 Rg6 32. Rb5 (32. fxg7 Kxg7 33.
Rb7) 32... Rxg5 33. Nxg5 gxf6 34. Ne4 f5 $1 {las negras se hacen con la
iniciativa sacrificando el peón h} 35. Nf6+ Kg7 36. Nxh5+ Kh6 37. Nf4 Rg8 $1
38. Rxc5 $6 e5 $1 39. Nd3 (39. Rxe5 $4 Nf3+) 39... Rxg2+ 40. Kf1 e4 {las
negras tienen ventaja ganadora} 41. Ne1 Rh2 42. Rc8 Rh1+ 43. Ke2 f4 $1 44. Rh8+
Kg7 45. Rh5 Kg6 46. Rh8 Kg7 47. Rh5 f3+ 48. Nxf3 exf3+ 49. Kd2 Kf6 (49... Rh2
50. Kd3 Kg6 51. Rh8 Kg5 $19) 50. c5 $1 Ke6 51. Rh6+ Kd7 52. a4 Kc7 53. a5 f6 $6
{en apuro de tiempo So cree interceptar la acción de la torre pero en
realidad facilita el que el blanco pueda eliminar sus peones} 54. Kd3 $1 Rd1+
55. Ke4 Ng2 56. Rxf6 (56. Kxf3 $1) 56... Rd2 ({a pesar de todo} 56... Ne1 $1 {
manteniendo f3 debe ganar}) 57. a6 Rxc2 58. Rf7+ Kc6 59. Rxa7 Rxf2 60. Rf7 Kxc5
61. Rxf3 Ra2 $2 {dejando escapar definitivamente la victoria} ({la jugada de
problema} 61... Re2+ $1 62. Kd3 Re5 $3 {[%cal Yg2e1]} 63. Rf7 (63. a7 Ne1+) (
63. Rg3 Nf4+ 64. Kd2 Re2+ $19) 63... Re3+ 64. Kd2 Ra3 $19) 62. Rf8 Ra4 63. a7
Rxa7 64. Rc8+ 1/2-1/2

[Event "Magistral de León"]
[Site "Leon"]
[Date "2017.07.09"]
[Round "3.1"]
[White "So, Wesley"]
[Black "Anand, Viswanathan"]
[Result "1/2-1/2"]
[WhiteElo "2010"]
[BlackElo "2783"]
[Annotator "Estremera,Sergio"]
[PlyCount "64"]
[EventDate "2017.07.09"]
[EventType "tourn"]
[EventRounds "4"]
[EventCountry "ESP"]
[SourceDate "2017.07.09"]

1. d4 Nf6 2. c4 e6 3. Nc3 Bb4 4. e3 O-O 5. Bd3 c5 6. Nge2 (6. Nf3 b6) 6... d5
7. cxd5 cxd4 8. exd4 Nxd5 {Tenemos en el tablero una las tabiyas de la defensa
Nimzoindia} 9. a3 ({Una partida reciente del Wei Yi, finalista en León en
2016, siguió:} 9. O-O Nc6 10. Nxd5 exd5 11. Nf4 Bd6 12. Re1 Qf6 13. Nxd5
Qxd4 14. Be3 Qg4 15. h3 Qxd1 16. Raxd1 Be6 17. Be4 Rad8 18. a3 Bb8 19. f4 Rfe8
20. Kf2 Bxh3 21. Bxh7+ Kxh7 22. Rh1 f5 23. Rxh3+ Kg6 24. Rhh1 Kf7 25. Kf3 {1/
2-1/2 (25) Le,Q (2712)-Wei,Y (2725) Ho Chi Minh City 2017}) 9... Bd6 10. Qc2 h6
11. O-O Nc6 12. Rd1 Nxc3 13. Nxc3 Ne7 (13... Nxd4 14. Bh7+ Kh8 15. Rxd4 Bxh2+
16. Kxh2 Qxd4 17. Be4) 14. Qe2 (14. Bh7+ Kh8 15. Be4 Qc7 (15... f5 16. Bf3 Bd7
17. Bxb7 Bxh2+ $1) 16. g3 Bd7 $11) 14... Re8 {más precisa que directamente} (
14... Ng6 $6 15. Qh5 Nf4 16. Bxf4 Bxf4 17. Qf3 $14 {1-0 (54) Kaidanov,G (2415)
-Kamshonkov,S Protvino 1985}) 15. Qe4 Ng6 16. Be3 a6 17. g3 f5 $1 {ganando
espacio, desalojando a la dama de la casilla e4 y habilitando f6 apara la dama
negra} 18. Qf3 Rb8 19. Qh5 Ne7 ({parece más natural} 19... Qf6 20. d5 e5 $15)
{ahora la indefensión de la torre de e8 permite} 20. d5 $1 e5 21. Ba7 (21.
Bb6) 21... Ra8 22. Bb6 g6 {única respuesta posible} ({si} 22... Qd7 $2 23.
Bc2 {amenazando î Pa4 gana}) 23. Bxd8 gxh5 24. Bb6 Bd7 25. b4 (25. h4 $1 {
fijando h5} Kg7 26. Rac1 Rac8) 25... Rac8 26. Rac1 Kg7 (26... h4 $1) 27. h4 Ng8
$1 {[%cal Yg8f6]} 28. Bf1 Nf6 29. Bg2 Rc4 30. Bf1 Rcc8 31. Bg2 Rc4 32. Bf1 Rcc8
{y tablas por repetición} 1/2-1/2